书目信息 |
| 题名: |
察言观色防狗病
|
|
| 作者: | 黄鹤林 著 | |
| 分册: | ||
| 出版信息: | 上海 上海文化出版社 2009.03 |
|
| 页数: | 153页 | |
| 开本: | 21cm | |
| 丛书名: | ||
| 单 册: | ||
| 中图分类: | S858.292 | |
| 科图分类: | ||
| 主题词: | 犬病--quan bing--防治 | |
| 电子资源: | ||
| ISBN: | 978-7-80740-375-3 | |
| 000 | 00897nam0 2200229 450 | |
| 001 | 012009164497 | |
| 005 | 20090808134022.81 | |
| 010 | @a978-7-80740-375-3@dCNY16.00 | |
| 100 | @a20090808d2009 em y0chiy0120 ea | |
| 101 | 0 | @achi |
| 102 | @aCN@b310000 | |
| 105 | @aa z 000yy | |
| 106 | @ar | |
| 200 | 1 | @a察言观色防狗病@Acha yan guan se fang gou bing@e绘图本@f黄鹤林著@Fhuang he lin zhu |
| 210 | @a上海@c上海文化出版社@d2009.03 | |
| 215 | @a153页@c图@d21cm | |
| 330 | @a宠物狗和人一样,也会得各种各样的疾病,但它无法像人一样能用语言表达。饲主稍有疏忽,小病痛就会酿成大疾病。本书从饲主日常饲养上的误区入手,介绍科学豢养宠物狗的方法和小病痛的早期症状发现,使它能及时得到救治,让身为饲主的你能更充分地享受饲养的快乐。 | |
| 606 | 0 | @a犬病@Aquan bing@x防治 |
| 690 | @aS858.292@v4 | |
| 701 | 0 | @a黄鹤林@Ahuang he lin@4著 |
| 801 | 0 | @aCN@bQSSK@c20090808 |
| 905 | @b750755-57@dS858.292@eH833@f3 | |
| 察言观色防狗病:绘图本/黄鹤林著.-上海:上海文化出版社,2009.03 |
| 153页:图;21cm |
| ISBN 978-7-80740-375-3:CNY16.00 |
| 宠物狗和人一样,也会得各种各样的疾病,但它无法像人一样能用语言表达。饲主稍有疏忽,小病痛就会酿成大疾病。本书从饲主日常饲养上的误区入手,介绍科学豢养宠物狗的方法和小病痛的早期症状发现,使它能及时得到救治,让身为饲主的你能更充分地享受饲养的快乐。 |
| ● |
| 相关链接 |
|
|
|
正题名:察言观色防狗病
索取号:S858.292/H833
 
预约/预借
| 序号 | 登录号 | 条形码 | 馆藏地/架位号 | 状态 | 备注 |
| 1 | 750755 | 207507553 | 自科库401/401自科库 2排2列1层/ [索取号:S858.292/H833] | 在馆 | |
| 2 | 750756 | 207507562 | 自科库401/401自科库 2排2列1层/ [索取号:S858.292/H833] | 在馆 | |
| 3 | 750757 | 207507571 | 自科库401/401自科库 2排2列1层/ [索取号:S858.292/H833] | 在馆 |